000 00479nam a2200181Ia 4500
005 20250508164026.0
008 008 250505s9999 xx 000 0 eng d
037 _aReference
040 _aFEDL
_beng
_cFEDL
041 _aeng
_2eng
084 _a421, BEA
_qFEDL
100 _aBearne Eve
245 0 _aMaking progress in writing
260 _aLondon, UK
_bRoutledge Falmer
_c2002
300 _axiii,172p.
942 _cREF
_h421, BEA
999 _c1386645
_d1386645